| 000 | 01044nam a2200229Ia 4500 | ||
|---|---|---|---|
| 001 | 18521 | ||
| 005 | 20260415124117.0 | ||
| 008 | 260306s9999||||xx |||||||||||||| ||und|| | ||
| 041 | _aESP | ||
| 082 |
_a658.406 _bV31 |
||
| 100 |
_aVarela V., Rodrigo _eAUT |
||
| 245 | 0 |
_aInnovación empresarial: _barte y ciencia en la creación de empresas |
|
| 260 | _c2014 | ||
| 300 |
_axxvii, 580 páginas : _c27 cm. |
||
| 650 | _aGEN | ||
| 654 | _aCAN | ||
| 856 |
_uhttps://itmsp.museknowledge.com/UCSP?url=https://www.ebooks7-24.com:443/?il=966&pg=1 _zVersión digital |
||
| 856 |
_uhttps://0u213wk2c-y-https-ebooks7--24-com.itmsp.museknowledge.com/biblioteca.aspx _zVéase además: Base de datos Ebook7-24 |
||
| 856 |
_uhttps://0u20fwk2f-y-https-research-ebsco-com.itmsp.museknowledge.com/c/qxo6us/search _zVéase además: Base de datos EBSCOhost |
||
| 856 |
_uhttps://0u20vwk0e-y-https-ebookcentral-proquest-com.itmsp.museknowledge.com/lib/catolicasp/home.action _zVéase además: Base de datos ProQuest Ebook Central |
||
| 942 |
_cLIB _dJUS _fJUS _2ddc |
||
| 999 |
_c18521 _d18521 |
||